LEADER 01441nam a2200277 a 4500 001 000000120439 003 CaOOAMICUS 005 20100301174910.0 008 100301t2010 it u000 u ita r 020 $a978-88-7524-177-3 040 $aPUL$bita$dReb 100 1 $aAnceschi, Alessio.$0(OLS)http://pul/name/65514 245 13$aLa famiglia nel diritto internazionale privato :$baggiornato con la legge 15 luglio 2009, n. 94 (Disposizioni in materia di sicurezza pubblica) /$cAlessio Anceschi. 260 $aTorino :$bG. Giappichelli,$cİ2010. 300 $axxi, 560 p. ;$c24 cm. 490 1 $aDiritto e professione$aDiritto Civile ;$v08 504 $aBibliografia: p. [543]-548. 650 4$aFamiglia (diritto).$0(OLS)http://pul/subject/1842 650 4$aDiritto internazionale privato.$0(OLS)http://pul/subject/2921 830 0$aDiritto e professione$pDiritto Civile ;$v08.$0(OLS)http://pul/title/151141 850 $aPUL 852 $aPUL$W1$xSL Diritto e Scienze Sociali 3$y79$m346. 45 ANCAL 2$j138055$qDDC 21$q $B137252$CPULBib$Z2$F137252 $H112680 $81 941 1 $a9 996 $6020$a978-88-7524-177-3$9(OLS)http://pul/number/143467 996 $6245$aLa famiglia nel diritto internazionale privato :$baggiornato con la legge 15 luglio 2009, n. 94 (Disposizioni in materia di sicurezza pubblica)$9(OLS)http://pul/title/151475 996 $6260$aTorino :$bG. Giappichelli$9(OLS)http://pul/publisher/49130 LEADER 01334nam a2200313 u 4500 001 000000090738 003 CaOOAMICUS 005 20070226124745.0 008 051217s1958 it u000 u ita u 035 $a11073181 040 $aPUL(r)$bita 041 1 $aita$hfre 100 1 $aMendousse, Pietro.$0(OLS)http://pul/name/58669 240 10$aAme de l'adolescente.$lItaliano.$0(OLS)http://pul/title/117165 245 10$aPsicologia della ragazza /$cdi Pietro Mendousse. 260 $a[Roma] :$bEdizioni Paoline,$c[1958] 300 $a392 ;$c18 cm 490 1 $aPsychologica (Edizioni Paoline).$a2. Serie ;$v61-63 500 $aTrad. dal francese di Filippo Palieri. 504 $aBibliografia: p. 391-392. 650 4$aPsicologia$xAdolescenza.$0(OLS)http://pul/subject/29105 650 4$aDonna$xPsicologia.$0(OLS)http://pul/subject/21507 700 1 $aPalieri, Filippo.$0(OLS)http://pul/name/57922 830 0$aPsychologica (Edizioni Paoline).$n2. Serie ;$v61-63.$0(OLS)http://pul/title/13828 850 $aPUL 852 $aPUL$W1$xDP1 Fondo Pastorale$y55$mP19 F 52$j114454$nBK-PRI$b $qFondi$B114454$CPULBib$Z2$F114454 $HPUL329 $81 941 1 $a1 996 $6245$aPsicologia della ragazza$9(OLS)http://pul/title/117166 996 $6260$a[Roma] :$bEdizioni Paoline$9(OLS)http://pul/publisher/51006